Manual básico de enfermería: técnica y quirúrgica
Uloženo v:
| Hlavní autor: | |
|---|---|
| Médium: | Kniha |
| Jazyk: | španělština |
| Vydáno: |
Madrid
Díaz de Santos S. A
1998
|
| Vydání: | 1a. ed |
| Témata: | |
| Tagy: |
Přidat tag
Žádné tagy, Buďte první, kdo vytvoří štítek k tomuto záznamu!
|
MARC
| LEADER | 00000cam a2200000 a 4500 | ||
|---|---|---|---|
| 001 | UCD4921 | ||
| 003 | CL-VaPUC | ||
| 008 | 160731e19980000sp |||||||||||||||||spa|d | ||
| 020 | |a 8479783400 | ||
| 082 | 0 | 4 | |a 610.73 |b DIA |2 21 |
| 100 | 0 | |a Díaz Aguado, José |e author |9 588634 | |
| 245 | 1 | 0 | |a Manual básico de enfermería: técnica y quirúrgica |
| 250 | |a 1a. ed | ||
| 300 | |a 271 p | ||
| 942 | |c BK | ||
| 945 | |d 20160731 21:25:00 |a dcastane | ||
| 260 | |a Madrid |b Díaz de Santos S. A |c 1998 | ||
| 650 | 7 | |a ENFERMERIA |2 CL-VaPUC |9 358289 | |
| 650 | 7 | |a PERSONAL MEDICO AUXILIAR |2 CL-VaPUC |9 588635 | |
| 650 | 0 | |a Atención médica |9 337119 | |
| 650 | 7 | |a MANUALES TECNICOS |2 CL-VaPUC |9 369106 | |
| 583 | |a last modification |c 20160731 21:25:00 |k Rodrigo Vera | ||
| 999 | |c 365711 |d 365709 | ||